000 00865 a2200229 4500
003 Nust
005 20230206112801.0
010 _a 97178710
020 _a019577647X
040 _cNust
082 0 0 _a954.9045,GAU
100 1 _aGauhar, Altaf,
_946332
245 1 0 _aAyub Khan, Pakistan's first Military Ruler /
_cAltaf Gauhar.
260 _aOxford ;
_aNew York :
_bOxford University Press,
_c1996.
300 _a380 p. :
_bill. ;
_c23 cm.
505 _aPart.1 Dedication (Page-5), Part.2 With the Benefit of Hindsight (Page-67), Part.3 Pakistan Adventure in Kashmir (Page-307).
600 2 0 _aAyub Khan, Mohammad,
_d1907-1974.
_9101674
650 0 _aPresidents
_zPakistan
_xBiography.
_9101675
651 0 _aPakistan
_xPolitics and government.
856 4 2 _3Publisher description
_uhttp://www.loc.gov/catdir/enhancements/fy0606/97178710-d.html
942 _2ddc
_cBK
999 _c181149
_d181149